Biblioteca

The investment of influence : A study of social sympathy and service / Newell Dwight Hillis (Registro nro. 32454)

Detalles MARC
000 -LÍDER
Campo fijo de descripción fija 005470000a22001930004500
041 0# - CÓDIGO DE IDIOMA
Código de idioma para texto/pista de sonido o título separado
082 04 - NÚMERO DE CLASIFICACIÓN DECIMAL DEWEY
Número de clasificación G 170 H6545i
001 - NÚMERO DE CONTROL
Campo de control 1117
100 1# - ASIENTO PRINCIPAL--NOMBRE PERSONAL
Nombre personal Hillis, Newell Dwight (1858-1929)
245 10 - TÍTULO
Título del Material The investment of influence : A study of social sympathy and service / Newell Dwight Hillis
250 ## - MENCIÓN DE EDICIÓN
Mención de edición 28
260 ## - PUBLICACIÓN, DISTRIBUCIÓN, ETC. (PIE DE IMPRENTA)
Lugar de publicación, distribución, etc. Chicago, USA : Fleming H. Revell
300 ## - DESCRIPCIÓN FÍSICA
Extensión 295 Pag.
336 ## - CONTENT TYPE
Content type term texto
Content type code txt
Source rdacontent
337 ## - MEDIA TYPE
Source rdamedia
Media type term sin mediación
Media type code n
338 ## - CARRIER TYPE
Source rdacarrier
Carrier type term volumen
Carrier type code nc
650 14 - ASIENTO SECUNDARIO DE MATERIA - TERMINO TEMÁTICO
Término temático o nombre geográfico como elemento de entrada CONDUCTA (ETICA)
942 ## - TIPO DE MATERIAL (KOHA)
Tipo de Item KOHA Libros General
Existencias
Estado de Material Estado de Perdido Estado de Dañado No para Préstamo Colección Tomo Biblioteca de Origen Biblioteca Permanente Fecha de Adquisición Total de Préstamos Signatura Topográfica Código de Barras Última vez visto Ejemplar/Existencia Fecha de Remplazo Tipo de Material
        Colección General   Biblioteca FUSBC Biblioteca FUSBC 06/10/2004   G 170 H6545i 564 12/12/2019 1 26/01/2016 Libros General

Biblioteca FUSBC | Teléfono: (57+4) 349 88 10 Ext. 141| WhatsApp (+57) 3005338115 
E-mail: biblioteca@unisbc.edu.co | Calle 76 87-14 Robledo Palenque, Medellín, Colombia

Con tecnología Koha